Airport Codes - KLM network city-to-code - Statistics

General Stats
  • This quiz has been taken 11 times
  • The average score is 146 of 182
Answer Stats
City IATA Code % Correct
Alicante ALC
100%
Amsterdam AMS
100%
Stockholm ARN
100%
Atlanta ATL
100%
Austin AUS
100%
Bahrain BAH
100%
Barcelona BCN
100%
Berlin BER
100%
Birmingham BHX
100%
Billund BLL
100%
Bogota BOG
100%
Boston BOS
100%
Bremen BRE
100%
Brussels BRU
100%
Basel/Mulhouse/Freiburg BSL
100%
Budapest BUD
100%
Paris CDG
100%
Copenhagen CPH
100%
Cancun CUN
100%
Delhi DEL
100%
Doha DOH
100%
Dublin DUB
100%
Düsseldorf DUS
100%
Dubai DXB
100%
Rome FCO
100%
Frankfurt FRA
100%
Rio de Janeiro GIG
100%
Graz GRZ
100%
Geneva GVA
100%
Hamburg HAM
100%
Helsinki HEL
100%
Hong Kong HKG
100%
Washington DC IAD
100%
Ibiza IBZ
100%
Istanbul IST
100%
New York JFK
100%
Las Vegas LAS
100%
Los Angeles LAX
100%
London City LCY
100%
London Heathrow LHR
100%
Lima LIM
100%
Milan Linate LIN
100%
Lisbon LIS
100%
Luxembourg LUX
100%
Lyon LYS
100%
Madrid MAD
100%
Manchester MAN
100%
Mexico City MEX
100%
Miami MIA
100%
Manila MNL
100%
Marseille MRS
100%
Munich MUC
100%
Naples NAP
100%
Nice NCE
100%
Porto OPO
100%
Chicago ORD
100%
Oslo OSL
100%
Bucharest OTP
100%
Philadelphia PHL
100%
Prague PRG
100%
San Francisco SFO
100%
Singapore SIN
100%
Salt Lake City SLC
100%
St Maarten SXM
100%
Toulouse TLS
100%
Tel Aviv TLV
100%
Venice VCE
100%
Vienna VIE
100%
Valencia VLC
100%
Warsaw WAW
100%
Montreal YUL
100%
Vancouver YVR
100%
Toronto YYZ
100%
Zurich ZRH
100%
Aalborg AAL
86%
Accra ACC
86%
Malaga AGP
86%
Belgrade BEG
86%
Bergen BGO
86%
Bangkok BKK
86%
Bordeaux BOD
86%
Mumbai BOM
86%
Cagliari CAG
86%
Cape Town CPT
86%
Edinburgh EDI
86%
Buenos Aires EZE
86%
Florence FLR
86%
Glasgow GLA
86%
Goteborg GOT
86%
Hannover HAJ
86%
Houston IAH
86%
Inverness INV
86%
Ljubljana LJU
86%
Milan Malpensa MXP
86%
Newcastle NCL
86%
Tokyo NRT
86%
Cork ORK
86%
Portland PDX
86%
Beijing PEK
86%
Port Of Spain POS
86%
San Diego SAN
86%
San Jose SJO
86%
Southampton SOU
86%
Stuttgart STR
86%
Taipei TPE
86%
Trondheim TRD
86%
Turin TRN
86%
Zagreb ZAG
86%
Aarhus AAR
71%
Aberdeen ABZ
71%
Aruba AUA
71%
Bilbao BIO
71%
Bonaire BON
71%
Bristol BRS
71%
Dubrovnik DBV
71%
Dammam DMM
71%
Denpasar/Bali DPS
71%
Dresden DRS
71%
Detroit DTW
71%
Sao Paulo GRU
71%
Hyderabad HYD
71%
Seoul/Incheon ICN
71%
Johannesburg JNB
71%
Osaka KIX
71%
Krakow KRK
71%
Katowice KTW
71%
Kuala Lumpur KUL
71%
Kuwait KWI
71%
Leeds/Bradford LBA
71%
Lagos LOS
71%
Montpellier MPL
71%
Minneapolis/St Paul MSP
71%
Nairobi NBO
71%
Nuremberg NUE
71%
Palma De Mallorca PMI
71%
Palermo PMO
71%
Poznan POZ
71%
Pisa PSA
71%
Santiago SCL
71%
Stavanger SVG
71%
Trieste TRS
71%
Wroclaw WRO
71%
Calgary YYC
71%
Bologna BLQ
57%
Bengaluru BLR
57%
Jakarta CGK
57%
Catania CTA
57%
Curacao CUR
57%
Cardiff CWL
57%
Dar Es Salaam DAR
57%
Exeter EXT
57%
Genoa GOA
57%
Kiev KBP
57%
Kristiansand KRS
57%
Nantes NTE
57%
Norwich NWI
57%
Panama City PTY
57%
Shanghai PVG
57%
Rennes RNS
57%
Riyadh RUH
57%
Split SPU
57%
Quito UIO
57%
Edmonton YEG
57%
Aalesund AES
43%
Bridgetown BGI
43%
Belfast BHD
43%
Cartagena CTG
43%
Entebbe EBB
43%
Georgetown GEO
43%
Kittila KTT
43%
Rovaniemi RVN
43%
Zanzibar ZNZ
43%
Biarritz BIQ
29%
Gdansk GDN
29%
Girona GRO
29%
Guayaquil GYE
29%
Humberside HUY
29%
Kilimanjaro JRO
29%
Kigali KGL
29%
Linkoping LPI
29%
Durham MME
29%
Paramaribo PBM
14%
No matching quizzes found
Score Distribution
Percent of People with Each Score
Percentile by Number Answered
Your Score History
You have not taken this quiz